Statistics for Carnival Cruise Line Ships

Click here to take the quiz!

General Stats

  • This quiz has been taken 133 times
    (58 since last reset)
  • The average score is 23 of 43

Answer Stats

FleetClassSailing forShip% Correct
Former fleetEmpress class1972–1993Mardi Gras
85%
Current FleetExcel class2021–presentMardi Gras
85%
Former fleetFantasy class1990–2020Carnival Fantasy
80%
Current FleetDream class2009–presentCarnival Dream
76%
Current FleetSpirit class2001–presentCarnival Spirit
76%
Current FleetSunshine (Destiny) class2013-presentCarnival Sunshine
76%
Current FleetExcel class2022–presentCarnival Celebration
73%
Future FleetExcel class2023Carnival Jubilee
73%
Current FleetSplendor (Concordia) class2008–presentCarnival Splendor
71%
Current FleetVista class2016–presentCarnival Vista
71%
Former fleetHoliday class1987–2008Celebration
71%
Former fleetHoliday class1986–2004Jubilee
71%
Current FleetConquest class2002–presentCarnival Conquest
68%
Current FleetFantasy class1998–presentCarnival Elation
63%
Current FleetDream class2011–presentCarnival Magic
61%
Current FleetFantasy class1998–presentCarnival Paradise
61%
Current FleetSunshine (Destiny) class2019-presentCarnival Sunrise
61%
Current FleetSunshine (Destiny) classFormer nameCarnival Destiny
59%
Former fleetHoliday class1985–2009Holiday
59%
Current FleetConquest class2004–presentCarnival Valor
56%
Current FleetConquest class2007–presentCarnival Freedom
54%
Current FleetDream class2012–presentCarnival Breeze
51%
Current FleetConquest class2003–presentCarnival Glory
49%
Current FleetVista class2018–presentCarnival Horizon
49%
Current FleetVista class2019–presentCarnival Panorama
49%
Current FleetSunshine (Destiny) classFormer nameCarnival Triumph
49%
Current FleetSpirit class2002–presentCarnival Legend
46%
Current FleetSpirit class2004–presentCarnival Miracle
46%
Current FleetSpirit class2002–presentCarnival Pride
46%
Current FleetSunshine (Destiny) class2020–PresentCarnival Radiance
46%
Former fleetFantasy class1991–2022Carnival Ecstasy
44%
Current FleetSunshine (Destiny) classFormer nameCarnival Victory
41%
Former fleetFantasy class1995–2020Carnival Imagination
39%
Current FleetConquest class2005–presentCarnival Liberty
39%
Former fleetFantasy class1993–2022Carnival Sensation
39%
Former fleetFantasy class1994–2020Carnival Fascination
37%
Future FleetVenice class2023Carnival Venezia
37%
Future FleetVenice class2024Carnival Firenze
34%
Former fleetFantasy class1996–2020Carnival Inspiration
29%
Former fleetEmpress class1982–2001Tropicale
27%
Former fleetEmpress class1975–1993Carnivale
22%
Former fleetEmpress class1977–1996Festivale
20%
Current FleetSpirit class2022–presentCarnival Luminosa
12%

Score Distribution

Percentile by Number Answered

Percent of People with Each Score

Your Score History

You have not taken this quiz since the last reset